000 00431nam a2200157Ia 4500
008 240729s9999 xx 000 0 und d
022 _a2284-953X
245 0 _aCurrent Trends in Natural Sciences
260 _aRomania
260 _bEditura Universitatii din Pitesti
650 _a Science (General)
650 _aScience
856 _uhttps://doaj.org/toc/65688ecd714d4842a84e98192ac0344e
942 _2ddc
942 _cDOAJEJ
999 _c68739
_d68739
945 _a1
_bMadushi Gamage
_c1
_dMadushi Gamage